Statistics for German Tanks of World War 2

Click here to take the quiz!

General Stats

  • This quiz has been taken 5,509 times
  • The average score is 11 of 22

Answer Stats

Type of TankAnswer% Correct
heavyTiger 1
98%
heavyTiger 2
85%
mediumPanther
84%
mediumPanzerkampfwagen 3
83%
lightPanzerkampfwagen 2
82%
mediumPanzerkampfwagen 4
82%
lightPanzerkampfwagen 1
80%
TDJagdpanther
51%
TDJagdtiger
50%
TDStuG 3
50%
TDHetzer
44%
TDMarders 1, 2 and 3
42%
lightPanzerkampfwagen 38(t)
37%
TDNashorn
33%
TDElefant
32%
SPGHummel
32%
TDJagdpanzer 4
29%
lightPanzerkampfwagen 35(t)
29%
SPGSturmtiger
25%
SPGWespe
24%
SPGGrille
21%
SPGBrumbar
13%

Score Distribution

Percentile by Number Answered

Percent of People with Each Score

Your Score History

You have not taken this quiz